[Event "1st Tungsram it"]
[Site "Budapest HUN"]
[Date "1975.03.??"]
[Round "1"]
[White "Pinter, Jozsef"]
[WhiteElo "2410"]
[Black "Mariotti, Sergio"]
[BlackElo "2495"]
[Result "1/2-1/2"]
[EventDate "1975.03.18"]
[PlyCount "76"]

1.e4 c5 2.Nf3 a6 3.c3 e6 4.d4 cxd4 5.cxd4 d5 6.e5 Nc6 7.Nc3 Nge7 8.Bd3 Nf5
9.Bc2 Be7 10.O-O h5 11.h3 g5 12.g4 hxg4 13.hxg4 Nh4 14.Nxh4 Rxh4 15.Be3 
Bd7 16.Kg2 Qb6 17.Na4 Qa7 18.Nc5 O-O-O 19.Nxd7 Kxd7 20.Rh1 Rdh8 21.Rxh4 
Rxh4 22.Rc1 Qb8 23.Ba4 b5 24.Bb3 Na5 25.Qf3 Nxb3 26.axb3 Rh7 27.Bd2 b4 28.
Qd3 Qh8 29.Qg3 a5 30.Ra1 Bd8 31.Rc1 Rh4 32.Qf3 Qh7 33.Be3 Rh2+ 34.Kg1 Rh3 
35.Qg2 Rh4 36.Qf3 Rh3 37.Qg2 Rh4 38.Qf3 1/2-1/2

[Event "1st Tungsram it"]
[Site "Budapest HUN"]
[Date "1975.03.??"]
[Round "1"]
[White "Hulak, Krunoslav"]
[WhiteElo "2475"]
[Black "Adorjan, Andras"]
[BlackElo "2515"]
[Result "1-0"]
[EventDate "1975.03.18"]
[PlyCount "82"]

1.e4 c5 2.Nf3 Nc6 3.Bb5 e6 4.O-O Nge7 5.Re1 a6 6.Bf1 Ng6 7.c3 Be7 8.d4 
cxd4 9.cxd4 d5 10.e5 O-O 11.Nc3 f6 12.Bd3 fxe5 13.dxe5 Rxf3 14.Qxf3 Ncxe5 
15.Qe2 Bd6 16.Bxg6 Nxg6 17.Qh5 Bc7 18.Bg5 Qd6 19.Rad1 Bd7 20.Ne4 Qf8 21.
Be3 Bf4 22.Ng5 Bxg5 23.Qxg5 Qf6 24.Qg3 Re8 25.b3 Bc6 26.f4 Qf5 27.Rf1 Rf8 
28.Rf2 Qe4 29.Bc1 Rf6 30.Qe3 Qxe3 31.Bxe3 Nh4 32.Bd4 Rf8 33.Re1 Nf5 34.Bc5
Rf6 35.Rfe2 Kf7 36.Kf2 h6 37.g4 Nh4 38.Kg3 g5 39.Be3 d4 40.fxg5 Rf3+ 41.
Kxh4 1-0

[Event "1st Tungsram it"]
[Site "Budapest HUN"]
[Date "1975.03.??"]
[Round "1"]
[White "Holm, Sejer"]
[WhiteElo "2390"]
[Black "Espig, Lutz"]
[BlackElo "2490"]
[Result "0-1"]
[EventDate "1975.03.18"]
[PlyCount "66"]

1.d4 Nf6 2.c4 d6 3.Nc3 Nbd7 4.e4 e5 5.Nge2 Be7 6.d5 Nc5 7.f3 a5 8.Be3 Nfd7
9.Qd2 h6 10.Ng3 Bg5 11.O-O-O Bxe3 12.Qxe3 Qg5 13.Qxg5 hxg5 14.Nf5 g6 15.
Ne3 Nf6 16.Nb5 Kd8 17.Be2 Bd7 18.Kc2 Nh5 19.g3 f5 20.Bd3 f4 21.Nf1 g4 22.
Be2 gxf3 23.Bxf3 g5 24.Nd2 Nf6 25.gxf4 exf4 26.Rde1 g4 27.Bd1 Rh3 28.Nd4 
Ke7 29.Ne2 Nd3 30.Ref1 Nh5 31.Nd4 Nb4+ 32.Kb1 Rd3 33.N4b3 a4 0-1

[Event "1st Tungsram it"]
[Site "Budapest HUN"]
[Date "1975.03.??"]
[Round "1"]
[White "Farago, Ivan"]
[WhiteElo "2460"]
[Black "Szabo, Laszlo"]
[BlackElo "2545"]
[Result "1/2-1/2"]
[EventDate "1975.03.18"]
[PlyCount "40"]

1.d4 Nf6 2.c4 g6 3.Nc3 Bg7 4.e4 d6 5.Nf3 O-O 6.Be2 e5 7.O-O Nc6 8.d5 Ne7 
9.Nd2 c5 10.Rb1 b6 11.b4 cxb4 12.Rxb4 Nd7 13.Rb1 Nc5 14.Nb3 f5 15.Nxc5 
bxc5 16.Qa4 Bd7 17.Qa6 Bc8 18.Qa4 Bd7 19.Qa6 Bc8 20.Qa4 Bd7 1/2-1/2

[Event "1st Tungsram it"]
[Site "Budapest HUN"]
[Date "1975.03.??"]
[Round "1"]
[White "Kirov, Nino"]
[WhiteElo "2435"]
[Black "Bilek, Istvan"]
[BlackElo "2495"]
[Result "1/2-1/2"]
[EventDate "1975.03.18"]
[PlyCount "40"]

1.Nf3 g6 2.d4 Bg7 3.g3 c5 4.Bg2 cxd4 5.Nxd4 Nc6 6.Nb3 d6 7.O-O Be6 8.Nc3 
Nf6 9.e4 O-O 10.Nd5 Nd7 11.Qe2 a5 12.a4 b6 13.c3 Nc5 14.Ra3 Bd7 15.Bg5 h6 
16.Bc1 Rb8 17.f4 f5 18.Nxc5 bxc5 19.Rd1 Kh7 20.Ne3 1/2-1/2

[Event "1st Tungsram it"]
[Site "Budapest HUN"]
[Date "1975.03.??"]
[Round "1"]
[White "Ribli, Zoltan"]
[WhiteElo "2520"]
[Black "Sax, Gyula"]
[BlackElo "2510"]
[Result "1-0"]
[EventDate "1975.03.18"]
[PlyCount "34"]

1.Nf3 c5 2.c4 Nf6 3.g3 b6 4.Bg2 Bb7 5.b3 e6 6.Bb2 Be7 7.O-O O-O 8.Nc3 d6 
9.d4 Nbd7 10.e3 a6 11.a4 Qb8 12.Re1 Ne4 13.Qc2 f5 14.d5 exd5 15.Nxd5 Bxd5 
16.cxd5 Bf6 17.Bxf6 1-0

[Event "1st Tungsram it"]
[Site "Budapest HUN"]
[Date "1975.03.??"]
[Round "1"]
[White "Poutiainen, Pertti"]
[WhiteElo "2395"]
[Black "Polugaevsky, Lev"]
[BlackElo "2645"]
[Result "1/2-1/2"]
[EventDate "1975.03.18"]
[PlyCount "79"]

1.g3 e5 2.Bg2 d5 3.Nf3 e4 4.Nd4 c5 5.Nb3 c4 6.Nd4 Bc5 7.c3 Nf6 8.O-O O-O 
9.b3 cxb3 10.axb3 Bxd4 11.cxd4 Bf5 12.Ba3 Re8 13.Nc3 Nc6 14.e3 Qd7 15.f3 
Bg6 16.fxe4 Nxe4 17.Rc1 Nxc3 18.Rxc3 Be4 19.Bxe4 Rxe4 20.Qf3 g6 21.Rc5 
Rae8 22.Qf6 h5 23.Qg5 Rd8 24.h3 Re6 25.Qf4 Kg7 26.Rcc1 Rde8 27.Rf2 f6 28.
h4 Qc7 29.Rcf1 Qd7 30.Rc1 Rd8 31.Kh2 Qf7 32.Kg1 Re4 33.Qf3 Rd7 34.Rcf1 Re6
35.Kh2 Na5 36.Bb4 Nc6 37.Ba3 Qe8 38.Rc1 Qd8 39.Rc5 Ne7 40.Rf1 1/2-1/2

[Event "1st Tungsram it"]
[Site "Budapest HUN"]
[Date "1975.03.??"]
[Round "2"]
[White "Adorjan, Andras"]
[WhiteElo "2515"]
[Black "Holm, Sejer"]
[BlackElo "2390"]
[Result "1-0"]
[EventDate "1975.03.18"]
[PlyCount "70"]

1.e4 c5 2.Nf3 d6 3.d4 cxd4 4.Nxd4 Nf6 5.Nc3 Nc6 6.Bg5 Bd7 7.Qd2 Rc8 8.
O-O-O h6 9.Bxf6 gxf6 10.Nf5 Bxf5 11.exf5 Qa5 12.Qd5 Qxd5 13.Nxd5 Rg8 14.g3
Bg7 15.Be2 e6 16.Nf4 e5 17.Nd5 Ne7 18.Ne3 Rd8 19.Rd2 d5 20.Rhd1 d4 21.c3 
Nc6 22.Bb5 Ke7 23.Bxc6 bxc6 24.cxd4 exd4 25.Rxd4 Rxd4 26.Rxd4 Rd8 27.Rxd8 
Kxd8 28.Kc2 Kd7 29.Kd3 Kd6 30.Kd4 c5+ 31.Kc4 h5 32.f4 Kc6 33.Nd5 a6 34.b3 
Bh8 35.Nc3 1-0

[Event "1st Tungsram it"]
[Site "Budapest HUN"]
[Date "1975.03.??"]
[Round "2"]
[White "Mariotti, Sergio"]
[WhiteElo "2495"]
[Black "Farago, Ivan"]
[BlackElo "2460"]
[Result "1-0"]
[EventDate "1975.03.18"]
[PlyCount "74"]

1.b3 d5 2.Bb2 Nf6 3.Nf3 e6 4.e3 Nbd7 5.d4 Bd6 6.Nbd2 O-O 7.Bd3 c5 8.Ne5 b6
9.f4 Bb7 10.O-O Ne4 11.Bxe4 dxe4 12.Ndc4 Nxe5 13.fxe5 Be7 14.Qg4 b5 15.Nd6
Bxd6 16.exd6 f5 17.Qg3 c4 18.d5 e5 19.Bxe5 Qd7 20.bxc4 bxc4 21.Rfd1 Rac8 
22.Rab1 Rf7 23.h4 Qa4 24.Rd2 c3 25.Rf2 Qd7 26.Rbf1 Ba6 27.Rd1 Bb7 28.h5 h6
29.Qg6 Rc5 30.g4 Bxd5 31.Rxf5 Rxf5 32.gxf5 Bc6 33.Qe6+ Kf8 34.Kf2 Qe8 35.
Bxg7+ Kxg7 36.Rg1+ Kh7 37.Qf6 1-0

[Event "1st Tungsram it"]
[Site "Budapest HUN"]
[Date "1975.03.??"]
[Round "2"]
[White "Szabo, Laszlo"]
[WhiteElo "2545"]
[Black "Kirov, Nino"]
[BlackElo "2435"]
[Result "1-0"]
[EventDate "1975.03.18"]
[PlyCount "31"]

1.d4 Nf6 2.Nf3 g6 3.Bg5 Bg7 4.Nbd2 d5 5.e3 O-O 6.Bd3 Nbd7 7.h3 Re8 8.c4 c5
9.O-O b6 10.cxd5 cxd4 11.Nxd4 Nxd5 12.Bb5 Bxd4 13.exd4 Bb7 14.Qg4 a6 15.
Qxd7 axb5 16.Qxb7 1-0

[Event "1st Tungsram it"]
[Site "Budapest HUN"]
[Date "1975.03.??"]
[Round "2"]
[White "Smejkal, Jan"]
[WhiteElo "2600"]
[Black "Poutiainen, Pertti"]
[BlackElo "2395"]
[Result "1/2-1/2"]
[EventDate "1975.03.18"]
[PlyCount "31"]

1.Nf3 g6 2.d4 Bg7 3.c4 f5 4.g3 Nf6 5.Bg2 O-O 6.O-O d6 7.Nc3 c6 8.d5 Qa5 9.
Nd4 Qc5 10.dxc6 bxc6 11.Qd3 Bd7 12.Nb3 Qb4 13.Bd2 Qb7 14.Rab1 Na6 15.Na5 
Qc7 16.b4 1/2-1/2

[Event "1st Tungsram it"]
[Site "Budapest HUN"]
[Date "1975.03.??"]
[Round "2"]
[White "Polugaevsky, Lev"]
[WhiteElo "2645"]
[Black "Pinter, Jozsef"]
[BlackElo "2410"]
[Result "1-0"]
[EventDate "1975.03.18"]
[PlyCount "82"]

1.c4 Nf6 2.Nc3 g6 3.e4 d6 4.d4 Bg7 5.f3 O-O 6.Be3 Nc6 7.Nge2 a6 8.Qd2 Re8 
9.Rb1 Nd7 10.b4 Nb6 11.Nc1 e5 12.d5 Nd4 13.Nb3 f5 14.Bd3 Nd7 15.O-O c5 16.
dxc6 bxc6 17.c5 d5 18.exd5 cxd5 19.Bxd4 exd4 20.Ne2 a5 21.Nxa5 Ne5 22.Bb5 
d3 23.Bxe8 dxe2 24.Qxe2 Qxe8 25.f4 Ba6 26.b5 Ng4 27.Qxe8+ Rxe8 28.bxa6 
Bd4+ 29.Kh1 Bxc5 30.h3 Nf2+ 31.Kh2 Ra8 32.Rb5 Ne4 33.Nb3 Be3 34.Rxd5 Rxa6 
35.Rf3 Bf2 36.Nc1 h5 37.Nd3 Ba7 38.Nb4 Ra4 39.Nc6 Bf2 40.Rd7 h4 41.Rb3 1-0

[Event "1st Tungsram it"]
[Site "Budapest HUN"]
[Date "1975.03.??"]
[Round "2"]
[White "Bilek, Istvan"]
[WhiteElo "2495"]
[Black "Ribli, Zoltan"]
[BlackElo "2520"]
[Result "1/2-1/2"]
[EventDate "1975.03.18"]
[PlyCount "34"]

1.c4 g6 2.Nc3 c5 3.Nf3 Bg7 4.e3 Nf6 5.d4 O-O 6.Be2 d5 7.O-O cxd4 8.exd4 
Nc6 9.Re1 dxc4 10.Bxc4 Na5 11.Bf1 Be6 12.Bg5 Rc8 13.Rc1 a6 14.Ne5 Re8 15.
Qd2 b5 16.b3 Nb7 17.Qd3 h6 1/2-1/2

[Event "1st Tungsram it"]
[Site "Budapest HUN"]
[Date "1975.03.??"]
[Round "2"]
[White "Sax, Gyula"]
[WhiteElo "2510"]
[Black "Hulak, Krunoslav"]
[BlackElo "2475"]
[Result "1-0"]
[EventDate "1975.03.18"]
[PlyCount "38"]

1.e4 e5 2.Nf3 Nf6 3.Nxe5 Nxe4 4.Qe2 Qe7 5.Qxe4 d6 6.d4 dxe5 7.dxe5 Nc6 8.
Bb5 Bd7 9.Nc3 O-O-O 10.Bf4 a6 11.Bc4 Be6 12.Bxa6 Kb8 13.Bb5 Rd4 14.Qe3 Nb4
15.Ba4 Qc5 16.O-O g5 17.Bxg5 Nd5 18.Nxd5 Bxd5 19.Rad1 1-0

[Event "1st Tungsram it"]
[Site "Budapest HUN"]
[Date "1975.03.??"]
[Round "3"]
[White "Holm, Sejer"]
[WhiteElo "2390"]
[Black "Sax, Gyula"]
[BlackElo "2510"]
[Result "1-0"]
[EventDate "1975.03.18"]
[PlyCount "70"]

1.d4 Nf6 2.c4 g6 3.Nc3 d5 4.cxd5 Nxd5 5.e4 Nxc3 6.bxc3 Bg7 7.Bc4 O-O 8.Ne2
b6 9.O-O Bb7 10.f3 Nc6 11.Be3 Qd7 12.Rc1 Na5 13.Bd3 Rad8 14.Kh1 c5 15.d5 
Bxd5 16.exd5 Qxd5 17.Be4 Qxa2 18.Qc2 Qc4 19.g4 Qe6 20.c4 Kh8 21.Bg5 Rd7 
22.Ng3 Rd4 23.Bd5 Qe5 24.f4 Qd6 25.Ne4 Qd7 26.f5 Nc6 27.f6 exf6 28.Nxf6 
Qc8 29.Rce1 Nb4 30.Qg2 Nxd5 31.cxd5 c4 32.Re3 Rd3 33.Rxd3 cxd3 34.Qh3 h5 
35.Qxd3 1-0

[Event "1st Tungsram it"]
[Site "Budapest HUN"]
[Date "1975.03.??"]
[Round "3"]
[White "Kirov, Nino"]
[WhiteElo "2435"]
[Black "Mariotti, Sergio"]
[BlackElo "2495"]
[Result "1-0"]
[EventDate "1975.03.18"]
[PlyCount "61"]

1.Nf3 e6 2.g3 f5 3.Bg2 Nf6 4.c4 Be7 5.O-O O-O 6.Nc3 d5 7.d3 Nc6 8.cxd5 
exd5 9.Qb3 Kh8 10.Bf4 d4 11.Nb5 Nd5 12.Bd2 Nb6 13.Bf4 Nd5 14.Bd2 Nb6 15.a4
a5 16.Rac1 Bf6 17.e3 dxe3 18.Bxe3 Nd5 19.Bc5 Re8 20.Rfe1 Be6 21.Nfd4 Nxd4 
22.Nxd4 Bxd4 23.Bxd4 Nf4 24.Bxg7+ Kg8 25.Rxe6 Nxe6 26.Be5 Rc8 27.d4 b6 28.
Bd5 Kf7 29.Rc6 Qd7 30.Qf3 Kg6 31.g4 1-0

[Event "1st Tungsram it"]
[Site "Budapest HUN"]
[Date "1975.03.??"]
[Round "3"]
[White "Espig, Lutz"]
[WhiteElo "2490"]
[Black "Adorjan, Andras"]
[BlackElo "2515"]
[Result "1/2-1/2"]
[EventDate "1975.03.18"]
[PlyCount "26"]

1.Nf3 g6 2.e4 Bg7 3.d4 d6 4.Bc4 Nf6 5.Qe2 O-O 6.O-O Nc6 7.h3 e5 8.dxe5 
Nxe5 9.Nxe5 dxe5 10.Rd1 Qe7 11.Nc3 c6 12.Bg5 Be6 13.a4 h6 1/2-1/2

[Event "1st Tungsram it"]
[Site "Budapest HUN"]
[Date "1975.03.??"]
[Round "3"]
[White "Farago, Ivan"]
[WhiteElo "2460"]
[Black "Polugaevsky, Lev"]
[BlackElo "2645"]
[Result "0-1"]
[EventDate "1975.03.18"]
[PlyCount "120"]

1.d4 Nf6 2.c4 c5 3.d5 d6 4.Nc3 g6 5.e4 Bg7 6.Bf4 O-O 7.Nf3 a6 8.Qd2 Qa5 9.
a4 b5 10.Bd3 bxc4 11.Bxc4 Bg4 12.Be2 Nbd7 13.O-O Bxf3 14.Bxf3 Rab8 15.Rfe1
Rb4 16.Na2 Rxa4 17.Qxa5 Rxa5 18.Nc3 Rxa1 19.Rxa1 Rb8 20.Bc1 Ne8 21.Kf1 h5 
22.Ke1 Nc7 23.Be2 Be5 24.h3 Nf6 25.Bd3 h4 26.Ra4 Nh5 27.Nd1 Rb6 28.Bd2 Rb7
29.b4 cxb4 30.Rxb4 Rxb4 31.Bxb4 Nb5 32.Kd2 Nf4 33.Bf1 Nd4 34.Ne3 a5 35.Ba3
Nb3+ 36.Kc2 a4 37.Nc4 Bd4 38.g3 hxg3 39.fxg3 Nh5 40.g4 Nf4 41.Nb2 Bxb2 42.
Bxb2 g5 43.Kc3 Kf8 44.Ba3 Kg7 45.Bb2 Kg6 46.Kc2 Nc5 47.e5 Nxd5 48.exd6 
exd6 49.Kd2 Ne4+ 50.Kd3 Ng3 51.Kd4 Nxf1 52.Kxd5 Ne3+ 53.Ke4 Nc4 54.Bc3 a3 
55.Kd5 Ne3+ 56.Ke4 Ng2 57.Kf3 Nf4 58.h4 Nd5 59.h5+ Kh6 60.Bd4 Nb4 0-1

[Event "1st Tungsram it"]
[Site "Budapest HUN"]
[Date "1975.03.??"]
[Round "3"]
[White "Ribli, Zoltan"]
[WhiteElo "2520"]
[Black "Szabo, Laszlo"]
[BlackElo "2545"]
[Result "1/2-1/2"]
[EventDate "1975.03.18"]
[PlyCount "49"]

1.c4 e5 2.Nc3 d6 3.Nf3 Nf6 4.d4 e4 5.Nd2 Bf5 6.e3 Qe7 7.b4 g6 8.a4 h5 9.b5
Bg7 10.Ba3 c5 11.bxc6 bxc6 12.c5 d5 13.a5 O-O 14.Be2 Ng4 15.h3 Nh6 16.O-O 
Qh4 17.Rb1 Nd7 18.Re1 Bxh3 19.gxh3 Qxh3 20.Bf1 Qh4 21.Qe2 Nf5 22.Bg2 Rae8 
23.Nf1 Nf6 24.Nd1 Ng4 25.Bc1 1/2-1/2

[Event "1st Tungsram it"]
[Site "Budapest HUN"]
[Date "1975.03.??"]
[Round "3"]
[White "Pinter, Jozsef"]
[WhiteElo "2410"]
[Black "Smejkal, Jan"]
[BlackElo "2600"]
[Result "0-1"]
[EventDate "1975.03.18"]
[PlyCount "98"]

1.e4 e5 2.Nf3 Nc6 3.Bb5 a6 4.Bxc6 dxc6 5.O-O f6 6.d4 exd4 7.Nxd4 c5 8.Nb3 
Qxd1 9.Rxd1 Be6 10.Bf4 c4 11.Nd4 O-O-O 12.Nc3 Bf7 13.Nf5 Rxd1+ 14.Rxd1 Ne7
15.Ne3 Ng6 16.Bg3 h5 17.Ncd5 Bc5 18.Nxc4 b5 19.Nxc7 Bxc4 20.Nxa6 Be7 21.b3
Be2 22.Rd2 Rd8 23.Rxd8+ Kxd8 24.Bc7+ Kc8 25.Ba5 Bd1 26.c3 Bc2 27.f3 Bb1 
28.Bb4 Kb7 29.Nc5+ Bxc5+ 30.Bxc5 Bxa2 31.b4 Kc6 32.Kf2 Nf4 33.Be3 Ng6 34.
Bc5 Kd7 35.Ke3 Ne5 36.Bf8 g6 37.Bc5 Bc4 38.Bd4 Ke6 39.Kf4 Bf1 40.Bxe5 
fxe5+ 41.Kg3 Kf6 42.Kf2 Bc4 43.h4 g5 44.g3 g4 45.fxg4 hxg4 46.Ke3 Ba2 47.
c4 bxc4 48.b5 Ke7 49.h5 c3 0-1

[Event "1st Tungsram it"]
[Site "Budapest HUN"]
[Date "1975.03.??"]
[Round "3"]
[White "Poutiainen, Pertti"]
[Black "Portisch, Lajos"]
[Result "1/2-1/2"]
[WhiteElo "2395"]
[BlackElo "2635"]
[EventDate "1975.03.18"]
[PlyCount "83"]

1.e4 c5 2.Nf3 d6 3.d4 cxd4 4.Nxd4 Nf6 5.Nc3 a6 6.f4 e5 7.Nf3 Nbd7 8.a4 Be7
9.Bc4 Qa5 10.Qe2 O-O 11.O-O exf4 12.Bxf4 Ne5 13.Nxe5 dxe5 14.Be3 Bg4 15.
Qe1 Rac8 16.Bb3 Kh8 17.Kh1 Be6 18.Bg5 Bxb3 19.Bxf6 Bxf6 20.cxb3 Bg5 21.Qg3
Bf4 22.Qf3 Qb4 23.Nd5 Qd4 24.Qe2 f5 25.Ne7 Rcd8 26.Nxf5 Qd3 27.Qxd3 Rxd3 
28.Rad1 Rfd8 29.Rxd3 Rxd3 30.g3 Bg5 31.Nd6 h6 32.Nxb7 Rxb3 33.Nc5 Rxb2 34.
Nxa6 Re2 35.Nc5 Be7 36.Nd3 Rxe4 37.Re1 Rxa4 38.Nxe5 Bf6 39.Nf3 Ra2 40.Ng1 
g5 41.Re2 Ra1 42.Kg2 1/2-1/2

[Event "1st Tungsram it"]
[Site "Budapest HUN"]
[Date "1975.03.??"]
[Round "3"]
[White "Hulak, Krunoslav"]
[WhiteElo "2475"]
[Black "Bilek, Istvan"]
[BlackElo "2495"]
[Result "1/2-1/2"]
[EventDate "1975.03.18"]
[PlyCount "62"]

1.e4 g6 2.d4 Bg7 3.Nf3 c5 4.Nc3 Qa5 5.Be3 Nf6 6.Nd2 cxd4 7.Nb3 Qd8 8.Nxd4 
d6 9.f3 a6 10.Bc4 Nbd7 11.Qd2 h5 12.Bb3 Qc7 13.Bg5 b5 14.O-O-O Bb7 15.Rhe1
Rc8 16.Nd5 Nxd5 17.exd5 Nf6 18.Re2 Kf8 19.Qf4 Re8 20.g4 Kg8 21.Nc6 Bxc6 
22.dxc6 Qxc6 23.Bxf6 exf6 24.Rxe8+ Qxe8 25.Qxd6 hxg4 26.fxg4 Bh6+ 27.Kb1 
Kg7 28.Qxa6 Bf4 29.Qb7 Rxh2 30.a3 Rd2 31.Rxd2 Bxd2 1/2-1/2

[Event "1st Tungsram it"]
[Site "Budapest HUN"]
[Date "1975.03.??"]
[Round "4"]
[White "Poutiainen, Pertti"]
[WhiteElo "2395"]
[Black "Pinter, Jozsef"]
[BlackElo "2410"]
[Result "1/2-1/2"]
[EventDate "1975.03.18"]
[PlyCount "82"]

1.g3 Nf6 2.Bg2 g6 3.c4 Bg7 4.Nc3 O-O 5.d4 d6 6.Nf3 Nc6 7.O-O a6 8.h3 Rb8 
9.Be3 b5 10.Nd2 Bb7 11.Rc1 Na5 12.cxb5 axb5 13.b4 Nc4 14.Nxc4 bxc4 15.d5 
e6 16.a3 Qd7 17.Bd4 exd5 18.Nxd5 Bxd5 19.Bxd5 Nxd5 20.Bxg7 Ne3 21.fxe3 
Qxh3 22.Rf3 Kxg7 23.Rxc4 Rb5 24.Rh4 Qe6 25.Qd3 Re5 26.Qc3 Kg8 27.Kf2 Re8 
28.Rc4 Qh3 29.Rh4 Qe6 30.Rc4 Rh5 31.Rxc7 Rh2+ 32.Ke1 Rh1+ 33.Rf1 Rxf1+ 34.
Kxf1 Qh3+ 35.Kf2 Qh2+ 36.Kf1 Qxg3 37.Qf6 Qh3+ 38.Ke1 Qh1+ 39.Kf2 Qd5 40.b5
Qb3 41.Kf1 1/2-1/2

[Event "1st Tungsram it"]
[Site "Budapest HUN"]
[Date "1975.03.??"]
[Round "4"]
[White "Mariotti, Sergio"]
[WhiteElo "2495"]
[Black "Ribli, Zoltan"]
[BlackElo "2520"]
[Result "0-1"]
[EventDate "1975.03.18"]
[PlyCount "78"]

1.e4 c5 2.Nf3 d6 3.d4 cxd4 4.Nxd4 Nf6 5.Nc3 a6 6.Bc4 e6 7.a3 Be7 8.Ba2 O-O
9.f4 Nc6 10.Nde2 b5 11.O-O a5 12.Ng3 b4 13.Na4 Qc7 14.f5 exf5 15.Nxf5 Nxe4
16.Qd5 Bxf5 17.Qxf5 Nf6 18.Be3 Ne5 19.axb4 g6 20.Qf4 axb4 21.Nb6 Rxa2 22.
Rxa2 Rb8 23.Rfa1 Rxb6 24.Ra8+ Rb8 25.Qxb4 Rxa8 26.Rxa8+ Kg7 27.Qb8 Qxb8 
28.Rxb8 Nd5 29.Bf2 Kf6 30.Rb7 Ke6 31.b4 Nc4 32.b5 Bd8 33.Bd4 h5 34.Kf2 g5 
35.g3 Na3 36.c3 Nc2 37.Ke2 Nxd4+ 38.cxd4 g4 39.Kd3 h4 0-1

[Event "1st Tungsram it"]
[Site "Budapest HUN"]
[Date "1975.03.??"]
[Round "4"]
[White "Sax, Gyula"]
[WhiteElo "2510"]
[Black "Espig, Lutz"]
[BlackElo "2490"]
[Result "1-0"]
[EventDate "1975.03.18"]
[PlyCount "110"]

1.e4 e6 2.d4 d5 3.Nc3 Bb4 4.e5 c5 5.a3 Ba5 6.b4 cxd4 7.Nb5 Bc7 8.f4 Ne7 9.
Nf3 Nbc6 10.Bd3 Bb8 11.O-O a6 12.Nbxd4 Nxd4 13.Nxd4 Ba7 14.Be3 Nc6 15.c3 
Nxd4 16.cxd4 Bd7 17.f5 exf5 18.Bxf5 Bxf5 19.Rxf5 Qd7 20.Qg4 g6 21.e6 Qxe6 
22.Re5 Qxe5 23.dxe5 Bxe3+ 24.Kh1 O-O 25.Qd7 Rfd8 26.Qxb7 Ra7 27.Qc6 d4 28.
Rd1 Rdd7 29.h4 Re7 30.Qd6 Kg7 31.Qf6+ Kg8 32.Qb6 Ra8 33.Rf1 Re6 34.Qb7 Rf8
35.a4 g5 36.g3 gxh4 37.gxh4 Rg6 38.Qf3 Kh8 39.Qe4 Kg7 40.Qf5 h5 41.Qxh5 
Re8 42.Qf5 Rf8 43.h5 Rg5 44.Qf6+ Kh7 45.Qxa6 Rxh5+ 46.Kg2 Rxe5 47.Qf6 Rg5+
48.Kf3 Rh5 49.b5 Rh6 50.Qf5+ Kg7 51.Ke4 Re6+ 52.Kd3 Bh6 53.Qxe6 fxe6 54.
Rxf8 Kxf8 55.a5 1-0

[Event "1st Tungsram it"]
[Site "Budapest HUN"]
[Date "1975.03.??"]
[Round "4"]
[White "Smejkal, Jan"]
[WhiteElo "2600"]
[Black "Farago, Ivan"]
[BlackElo "2460"]
[Result "1/2-1/2"]
[EventDate "1975.03.18"]
[PlyCount "25"]

1.c4 Nf6 2.g3 e6 3.Bg2 Be7 4.Nf3 d5 5.O-O O-O 6.d4 Nbd7 7.Qc2 c6 8.b3 b5 
9.Bf4 bxc4 10.bxc4 Ba6 11.Nbd2 c5 12.Ne5 cxd4 13.Nc6 1/2-1/2

[Event "1st Tungsram it"]
[Site "Budapest HUN"]
[Date "1975.03.??"]
[Round "4"]
[White "Bilek, Istvan"]
[WhiteElo "2495"]
[Black "Holm, Sejer"]
[BlackElo "2390"]
[Result "1-0"]
[EventDate "1975.03.18"]
[PlyCount "86"]

1.Nf3 c5 2.g3 Nc6 3.Bg2 g6 4.O-O Bg7 5.d3 d6 6.c3 e5 7.a3 a5 8.a4 Nge7 9.
Na3 O-O 10.e4 Rb8 11.Nd2 Be6 12.Ndc4 d5 13.exd5 Bxd5 14.Bh3 f5 15.f4 e4 
16.Be3 b6 17.dxe4 Bxe4 18.Qb3 Nd5 19.Rad1 Qe7 20.Bf2 Rfd8 21.Rfe1 Qf7 22.
Nb5 Bf8 23.Ne5 Nxe5 24.fxe5 Bf3 25.e6 Qe7 26.Rc1 Bh6 27.c4 Be4 28.cxd5 
Bxd5 29.Rc4 Bxe6 30.Nc7 Bxc4 31.Qxc4+ Qf7 32.Bf1 Bd2 33.Re7 Qxc4 34.Bxc4+ 
Kh8 35.Ne6 Re8 36.Rd7 Bh6 37.Be1 Be3+ 38.Kf1 Bd4 39.Nxd4 cxd4 40.Bf2 Re3 
41.Bxe3 dxe3 42.Ke2 Re8 43.Rd3 1-0

[Event "1st Tungsram it"]
[Site "Budapest HUN"]
[Date "1975.03.??"]
[Round "4"]
[White "Polugaevsky, Lev"]
[WhiteElo "2645"]
[Black "Kirov, Nino"]
[BlackElo "2435"]
[Result "1/2-1/2"]
[EventDate "1975.03.18"]
[PlyCount "30"]

1.c4 Nf6 2.Nf3 g6 3.Nc3 d5 4.cxd5 Nxd5 5.e4 Nxc3 6.bxc3 c5 7.Bb5+ Bd7 8.a4
Bg7 9.O-O O-O 10.Ba3 a6 11.Bxd7 Nxd7 12.d4 Qa5 13.Qb3 b5 14.axb5 axb5 15.
Rfb1 Rfb8 1/2-1/2

[Event "1st Tungsram it"]
[Site "Budapest HUN"]
[Date "1975.03.??"]
[Round "4"]
[White "Portisch, Lajos"]
[WhiteElo "2635"]
[Black "Adorjan, Andras"]
[BlackElo "2515"]
[Result "0-1"]
[EventDate "1975.03.18"]
[PlyCount "92"]

1.d4 Nf6 2.c4 g6 3.Nf3 Bg7 4.g3 O-O 5.Bg2 d6 6.Nc3 Nc6 7.h3 a6 8.O-O Rb8 
9.e4 b5 10.cxb5 axb5 11.Re1 e6 12.Be3 b4 13.Na4 Bb7 14.Bg5 h6 15.Bd2 Re8 
16.Rc1 e5 17.dxe5 Nxe5 18.Nxe5 Rxe5 19.Qc2 Qe8 20.f3 Re7 21.b3 Ba8 22.Kh2 
Nh5 23.Bh1 Kh7 24.Nb2 f5 25.Nd3 fxe4 26.fxe4 Bxe4 27.Bxe4 Rxe4 28.Rxe4 
Qxe4 29.Re1 Qd4 30.Re7 Rf8 31.Bf4 c5 32.Qe2 Rf5 33.Rd7 Rd5 34.Nf2 Nxf4 35.
gxf4 Qxf4+ 36.Kg2 Rd2 37.Qf3 Qxf3+ 38.Kxf3 Rxa2 39.Ne4 g5 40.Nxd6 Kg6 41.
Ne4 Bd4 42.Rd6+ Kg7 43.Kg4 Rb2 44.Ng3 Rg2 45.Rd7+ Kf6 46.Kf3 Rf2+ 0-1

[Event "1st Tungsram it"]
[Site "Budapest HUN"]
[Date "1975.03.??"]
[Round "5"]
[White "Ribli, Zoltan"]
[WhiteElo "2520"]
[Black "Polugaevsky, Lev"]
[BlackElo "2645"]
[Result "1/2-1/2"]
[EventDate "1975.03.18"]
[PlyCount "40"]

1.c4 e5 2.Nc3 d6 3.Nf3 f5 4.d4 e4 5.Nd2 Nf6 6.e3 g6 7.Be2 Bg7 8.f3 exf3 9.
Bxf3 O-O 10.O-O Nc6 11.Re1 Kh8 12.Rb1 f4 13.Nf1 fxe3 14.Ng3 d5 15.cxd5 Nb4
16.Bxe3 Nfxd5 17.Nxd5 Nxd5 18.Bf2 c6 19.Qb3 Nf6 20.h3 Qc7 1/2-1/2

[Event "1st Tungsram it"]
[Site "Budapest HUN"]
[Date "1975.03.??"]
[Round "5"]
[White "Kirov, Nino"]
[WhiteElo "2435"]
[Black "Smejkal, Jan"]
[BlackElo "2600"]
[Result "1/2-1/2"]
[EventDate "1975.03.18"]
[PlyCount "25"]

1.Nf3 d5 2.g3 c6 3.Bg2 Bg4 4.b3 Nd7 5.Bb2 Ngf6 6.d3 e6 7.Nbd2 Bd6 8.h3 Bh5
9.O-O O-O 10.Qe1 a5 11.Nh4 Ne8 12.e4 a4 13.f4 1/2-1/2

[Event "1st Tungsram it"]
[Site "Budapest HUN"]
[Date "1975.03.??"]
[Round "5"]
[White "Hulak, Krunoslav"]
[WhiteElo "2475"]
[Black "Mariotti, Sergio"]
[BlackElo "2495"]
[Result "1/2-1/2"]
[EventDate "1975.03.18"]
[PlyCount "140"]

1.Nf3 c5 2.e4 d6 3.d4 cxd4 4.Nxd4 Nf6 5.Nc3 a6 6.Be2 e6 7.f4 Qc7 8.Bf3 Nc6
9.Be3 Na5 10.Qd3 Nc4 11.O-O-O e5 12.fxe5 Nxe5 13.Qe2 h6 14.h4 b5 15.Bf4 
Be7 16.Nd5 Nxd5 17.exd5 Ng6 18.Be3 O-O 19.Qf2 Re8 20.Rde1 Bd7 21.Nc6 Ne5 
22.Bb6 Qc8 23.Nxe5 dxe5 24.d6 Bxd6 25.Rd1 Re6 26.Bxa8 Qxa8 27.Bc7 Rf6 28.
Qb6 Be7 29.Qe3 Be6 30.Bxe5 Rg6 31.g3 Qc6 32.Rhf1 Bc4 33.Rfe1 Re6 34.Qd4 
Bc5 35.Qf4 Be7 36.Qd4 Bc5 37.Qg4 Rg6 38.Rd8+ Kh7 39.Qd1 Be6 40.h5 Rg5 41.
Bf4 Bg4 42.Qd3+ Bf5 43.Qe2 Bg4 44.Qe8 Qxe8 45.Rdxe8 Rxh5 46.R8e5 Rxe5 47.
Rxe5 Bf2 48.Re8 g5 49.Bc7 Bf3 50.Kd2 h5 51.Bd8 h4 52.gxh4 gxh4 53.Bc7 Kg6 
54.Bh2 Kf5 55.Rg8 Ke6 56.Rd8 Ke7 57.Rd3 Be4 58.Ra3 Bb7 59.b4 Ke6 60.Rh3 
Bg2 61.Rc3 Bb7 62.Ke2 Bd4 63.Rd3 Bg7 64.Rd6+ Ke7 65.Rb6 Bc8 66.Rc6 Kd8 67.
Bf4 h3 68.Bh2 Bb7 69.Rc7 Bd5 70.a3 Bd4 1/2-1/2